00768nam a22001697a 4500003000900000008004100009040007100050082001800121100002100139245010300160260001800263300005300281505021500334650002200549650001600571650001100587AR-CdUCM190320b ||||| |||| 00| 0 spa d aMUNICIPALIDAD PROVINCIAL DEL CUSCOcBIBLIOTECA MUNICIPAL DEL CUSCO a633.4 /bOC31 aOchoa, Carlos M. aLos Solanum tuberíferos silvestres del Perú :b(secc. Tuberarium, Sub-secc. Hyperbasarthrum) / aLima :c1962. a297 páginas ;bilustraciones, figuras,c23 cm. aContenido: Revisión histórica -- Lista de especies silvestres de papas peruanas -- Material estudiado y explicación del texto -- Tratamiento sistemático -- Especies excluidas -- Especies no tratadas ... aEspecies de papas aTratamiento aPerú